000 01366cam a22003737a 4500
003 CHAP
005 20220329142440.0
008 010227d2001 mx a r 00110 spa d
010 _a83641
011 _a84613
035 _a95138
040 _cCHAP
090 _aTesis
100 0 0 _aSantos Espinoza, Jorge.
_9102474
245 1 0 _aEstablecimiento y desarrollo de un huerto semillero clonal de Pinus caribaea morelet variedad caribaea Barrett y Golfari en la Sabana, Oaxaca
_c/por Jorge Santos Espinoza.
260 _aChapingo, Méx. :
_bEl autor,
_c2001.
300 _a67 h. :
_btablas; ilus.
502 _aTesis (Ing. Agr. Esp. en Bosques) -- UACH. División de Ciencias Forestales.
590 _aALEPH
_b10
_c20130110
_lUCH01
_h1441
590 _aBATCH-UPD
_b10
_c20130110
_lUCH01
_h0526
590 _aBATCH-UPD
_b10
_c20130110
_lUCH01
_h2303
590 _aBATCH-UPD
_b10
_c20130410
_lUCH01
_h0205
590 _aBATCH-UPD
_b10
_c20130914
_lUCH01
_h1847
590 _aCONVERSION
_b10
_c20130109
_lUCH01
_h1346
650 1 4 _aÁrboles
_xOaxaca.
_982439
650 1 4 _aPinus caribaea.
_988322
650 1 4 _aSemillas forestales
_xAnálisis.
_9103936
650 1 4 _aSemillas
_xProducción.
_9103927
901 _aBK
905 _aEdna Luz
942 _cFOLL
949 _bBC
_cTES
_d33724000818456
_eTS2
_fc.2
_h37906
_i95138
_si
949 _bBC
_cTES
_d951381
_eTS1
_h37905
_i95138
_sb
999 _c83641
_d83641